Normal view MARC view
  • MEXICO -

Entry Nombre Geográfico

Number of records used in: 16

001 - NÚMERO DE CONTROL

  • campo de control: 7918

003 - IDENTIFICADOR DE NUMERO DE CONTROL

  • campo de control: UPN

005 - FECHA Y HORA DE LA ÜLTIMA TRANSACCIÓN

  • campo de control: 20210219193720.0

008 - DATOS DE LONGITUD FIJA

  • campo de control de longitud fija: nabaccnnaabn|||||||||| b |nc|||||d

035 ## - NÚMERO DE CONTROL

  • Número de control: UPN10000007923

040 ## - FUENTE DE CATALOGACIÓN

  • Lenguaje de catalogación: SPA
  • Agencia de transcripción: UPN

151 ## - ENCABEZAMIENTO - NOMBRE GEOGRÁFICO

  • Nombre geográfico: MEXICO -
  • Subdivisión general : POLITICA ECONOMICA -
  • Subdivisión cronológica : 1994-

670 ## - FUENTE EN LA QUE SE LOCALIZARON DATOS

  • Cita de la fuente: LC
  • Información localizada: Mexico - Economic policy - 1994-

902 ## - CATALOGADOR

  • Catalogador: MEEG/181007